000
00315nam a22001457a 4500
008
210518b ||||| |||| 00| 0 eng d
020
_a
2901285577769
041
_a
eng
080
_2
7th
_a
781
082
_a
781
100
_a
45
101
_a
MUZ
245
_a
Listening to Music
_c
Craig Wright
942
_2
udc
_c
BK
999
_c
57389
_d
57389